000 00742cam a2200265 4500
008
020 _a0198571631 (pbk.)
049 _aMAIN
090 _aQM551 LEG
100 1 _a Le Gros,W.E.
245 1 4 _aThe tissues of the body /
_cby W. E. Le Gros Clark.
250 _a6th ed.
260 _aOxford :
_bClarendon Press,
_c1971.
300 _aix, 424 p., 3 plates.
_billus. (some col.)
_c24 cm.
500 _aIncludes index.
504 _aIncludes bibliographical references.
650 0 _aTissues.
650 0 _aHuman anatomy.
650 2 _aHistology.
907 _a.b10225936
_b23-01-07
_c23-01-07
003
005 20230123134337.0
040 _cNUST
942 _cBOOKS
_kQM551 LEG
999 _c164270
_d164270